000 00825nam a22002777a 4500
003 CHAP
005 20220329134545.0
008 971013s1967 r 00010 d
010 _a22156
011 _a23128
035 _a27223
040 _cCHAP
082 _a627.56
_bA8
100 0 0 _aAt de Saint-Foulc, Jean d'.
_98209
245 _aIrrigation par aspersion
260 _aParis :
_bEyrolles,
_c1967
300 _a231 p.
_b: ilus
590 _aBATCH-UPD
_b10
_c20130110
_lUCH01
_h2029
590 _aBATCH-UPD
_b10
_c20130410
_lUCH01
_h1346
590 _aBATCH-UPD
_b10
_c20130914
_lUCH01
_h2004
590 _aCONVERSION
_b10
_c20130109
_lUCH01
_h1313
650 1 4 _aRiego por aspersión.
_997375
901 _aBK
942 _cLIBRO
949 _a627.56 A8
_bBC
_cLIBRO
_d33724000022398
_eLIBRO
_h12941
_i27223
_mDr. Viet
_si
_t165.00
999 _c22156
_d22156